[Event "Schwaben-ch"]
[Site "Sonthofen"]
[Date "2013.11.03"]
[Round "6.11"]
[White "Gehring, Bastian"]
[Black "Koenigsberger, Hermann"]
[Result "1-0"]
[WhiteElo "1391"]
[BlackElo "1087"]
[PlyCount "87"]
[EventDate "2013.11.01"]
[EventType "swiss"]
[EventRounds "6"]
[EventCountry "GER"]
[SourceTitle "EXT 2022"]
[Source "ChessBase"]
[SourceDate "2021.10.06"]
[SourceVersion "1"]
[SourceVersionDate "2021.10.06"]
[SourceQuality "1"]

1. e4 e5 2. Nf3 d6 3. d4 exd4 4. Nxd4 c5 5. Bb5+ Nd7 6. Bxd7+ Bxd7 7. Nf5 g6 8. Nxd6+ Bxd6 9. Qxd6 b6 10. Qe5+ Qe7 11. Bf4 Qxe5 12. Bxe5 f6 13. Bg3 Bb5 14. Nc3 Bc6 15. 0-0-0 Ne7 16. Rd6 Kf7 17. f3 Rad8 18. Rhd1 Rxd6 19. Rxd6 b5 20. Bh4 g5 21. e5 gxh4 22. exf6 b4 23. fxe7 Kxe7 24. Rxc6 bxc3 25. Rxc5 cxb2+ 26. Kxb2 Rb8+ 27. Kc1 Kd6 28. Rh5 Rb7 29. Rxh4 Ke5 30. Re4+ Kf5 31. g4+ Kg5 32. Re5+ Kf4 33. Rf5+ Ke3 34. h4 Kf2 35. h5 Kg3 36. g5 Rg7 37. f4 Kg4 38. h6 Re7 39. Rf6 Rb7 40. g6 hxg6 41. Rxg6+ Kh5 42. Rg7 Rb6 43. h7 Rh6 44. f5 1-0

[Event "Suedschwaben-ch"]
[Site "Sonthofen"]
[Date "2012.11.03"]
[Round "6.7"]
[White "Gehring, Bastian"]
[Black "Schmitt, Wolfgang Max"]
[Result "1/2-1/2"]
[WhiteElo "1349"]
[BlackElo "1506"]
[PlyCount "66"]
[EventDate "2012.11.01"]
[EventType "swiss"]
[EventRounds "7"]
[EventCountry "GER"]
[SourceTitle "EXT 2022"]
[Source "ChessBase"]
[SourceDate "2021.10.06"]
[SourceVersion "1"]
[SourceVersionDate "2021.10.06"]
[SourceQuality "1"]

1. e4 c6 2. Nf3 d5 3. exd5 cxd5 4. d4 Nc6 5. Nc3 e6 6. Be2 Nf6 7. 0-0 Be7 8. Bf4 a6 9. a3 Bd6 10. Qd2 Qc7 11. Bxd6 Qxd6 12. Qg5 0-0 13. Rad1 b5 14. Ne5 Bb7 15. Nxc6 Bxc6 16. Bd3 Ne4 17. Qh5 f5 18. Nxe4 dxe4 19. Be2 Rf6 20. Qg5 Rg6 21. Qd2 Qd5 22. f3 Rf8 23. Qf4 Qa2 24. Qc1 Qd5 25. b3 Qd6 26. fxe4 Rff6 27. Rf2 Bxe4 28. Bf3 Bxf3 29. Rxf3 Rg4 30. c3 Rfg6 31. g3 Qd5 32. Qe3 Qxb3 33. Rdf1 Rf6 1/2-1/2

[Event "Suedschwaben-ch"]
[Site "Sonthofen"]
[Date "2012.11.03"]
[Round "5.6"]
[White "Oertel, Juergen"]
[Black "Gehring, Bastian"]
[Result "1/2-1/2"]
[WhiteElo "1455"]
[BlackElo "1349"]
[PlyCount "106"]
[EventDate "2012.11.01"]
[EventType "swiss"]
[EventRounds "7"]
[EventCountry "GER"]
[SourceTitle "EXT 2022"]
[Source "ChessBase"]
[SourceDate "2021.10.06"]
[SourceVersion "1"]
[SourceVersionDate "2021.10.06"]
[SourceQuality "1"]

1. d4 e6 2. c4 Nf6 3. Nc3 d5 4. Bg5 Be7 5. e3 0-0 6. Bd3 Nbd7 7. Bxf6 Nxf6 8. Qc2 c5 9. Nf3 b6 10. h4 g6 11. 0-0-0 Bb7 12. cxd5 Bxd5 13. Nxd5 Qxd5 14. Kb1 Rac8 15. Bc4 Qe4 16. Qxe4 Nxe4 17. Rdf1 cxd4 18. Bd3 Nc5 19. Rd1 dxe3 20. fxe3 Nxd3 21. Rxd3 Rfd8 22. Rhd1 Rxd3 23. Rxd3 Rd8 24. Rxd8+ Bxd8 25. Kc2 Kg7 26. Kd3 f5 27. e4 Kh6 28. exf5 exf5 29. g3 Bc7 30. b4 Bxg3 31. b5 Kh5 32. Nd4 Kxh4 33. Nc6 Kg4 34. Nxa7 h5 35. Nc6 h4 36. Ke2 h3 37. Kf1 h2 38. Kg2 f4 39. Ne5+ Kf5 40. Nf3 g5 41. a4 g4 42. Nd4+ Ke5 43. Nc6+ Kd5 44. Ne7+ Kc4 45. Nf5 Kb4 46. a5 Kxa5 47. Kh1 Kxb5 48. Nd4+ Kc4 49. Ne2 b5 50. Kg2 b4 51. Nc1 b3 52. Nxb3 Kxb3 53. Kh1 f3 1/2-1/2